banner-ar

قاموس الوطن : (Record no. 7401)

MARC details
000 -الفاتح
حقل البيانات ثابتة الطول 00711nam a2200181Ia 4500
008 - عناصر البيانات ثابتة الطول - معلومات عامة
حقل البيانات ثابتة الطول 140319s9999 xx 000 0 ara d
040 ## - مصدر الفهرسة
وكالة الفهرسة الأصلية GCL /
وكالة النسخ GCL
082 04 - رقم تصنيف ديوى العشرى
رقم التصنيف 658.03
رقم المادة ا ق
100 1# - المدخل الرئيسى - إسم شخصى
الإسم الشخصى اسماعيل مصطفى العلاونة
245 10 - بيان العنوان
العنوان قاموس الوطن :
بقية العنوان الاقتصاد والمحاسبة والعلوم الادارية /
بيان المسئوليه,etc اسماعيل مصطفى العلاونة
260 ## - PUBLICATION, DISTRIBUTION, ETC. (IMPRINT)
تاريخ النشر أو التوزيع 2005
300 ## - الوصف المادى
التعداد 524 ص ؛
أبعاد الوعاء 24 سم
650 04 - المدخل الاضافى بالموضوع-مصطلح موضوعى
مصطلح موضوعي الاقتصاد - معاجم
650 04 - المدخل الاضافى بالموضوع-مصطلح موضوعى
مصطلح موضوعي الادارة العامة - معاجم
650 04 - المدخل الاضافى بالموضوع-مصطلح موضوعى
مصطلح موضوعي محاسبة - معاجم
942 ## - عناصر المدخل الإضافي( كوها)
مصدر التصنيف او مخطط الترفيف Dewey Decimal Classification
Koha [default] item type كتاب
260 ## - PUBLICATION, DISTRIBUTION, ETC. (IMPRINT)
-- الاردن :
-- دار اليازورى العلمية للنشر والتوزيع ،
Holdings
حالة التراجع حالة الفقد حالة تلف ليس للاعارة المكان المؤقت الموقع الحالى تاريخ الاكتساب اجمالي اﻻعارات رقم الطلب الباركود تاريخ اخر مشاهدة تاريخ تفعيل السعر نوع وعاء كوها
        مكتبة القاهرة الكبرى مكتبة القاهرة الكبرى 03/26/2014   658.03\ا ق 15303 03/26/2014 03/26/2014 كتاب

Powered By

EGPV